| 000 | 004340000a22001690004500 | ||
|---|---|---|---|
| 003 | MACL | ||
| 005 | 20151229124427.0 | ||
| 008 | 151229b xxu||||| |||| 00| 0 eng d | ||
| 040 |
_aMACL _cMACL |
||
| 041 | _aEnglish | ||
| 082 | _a294.5/MUK | ||
| 100 |
_aMukerjee, Radhakamal _916664 |
||
| 245 | _aThe Lord of the Autumn Moons | ||
| 260 |
_bAsian Publishers _c1957 _aMadras |
||
| 650 |
_aReligion _923724 |
||
| 942 |
_cBK _k294.5/Muk _2ddc |
||
| 999 |
_c34663 _d34663 |
||